Baltische Städte Karten-Quiz - Statistiken

Allgemein
  • Dieses Quiz wurde 87 mal gespielt
  • Das Durchschnittsergebnis liegt bei 6 aus 15
Antworten auf der Karte
Die Antworten werden auf der Karte rot bzw. grün angezeigt, abhängig davon wie oft sie richtig erraten wurden.
 
Antwortstatistiken
Antwort % Korrekt
Tallinn
88%
Riga
79%
Vilnius
70%
Klaipėda
49%
Tartu
43%
Kaunas
42%
Daugavpils
39%
Narva
37%
Pärnu
37%
Kuressaare
33%
Liepāja
33%
Šiauliai
25%
Ventspils
21%
Panevėžys
16%
Rēzekne
12%
Keine übereinstimmenden Quizze gefunden
Verteilung der Resultate
Anzahl Personen mit jedem Resultat
Perzentil nach korrekt beantworteten Fragen
Ihre Resultats-Entwicklung
Sie haben dieses Quiz noch nicht gespielt